El placer del texto. Lección inaugural
Furkejuvvon:
| Váldodahkki: | |
|---|---|
| Materiálatiipa: | Girji |
| Giella: | Undetermined |
| Almmustuhtton: |
México, Distrito Federal
Siglo Veintiuno
1998
|
| Preanttus: | 10 |
| Fáttát: | |
| Fáddágilkorat: |
Lasit fáddágilkoriid
Eai fáddágilkorat, Lasit vuosttaš fáddágilkora!
|
MARC
| LEADER | 00000nam a2200000Ia 4500 | ||
|---|---|---|---|
| 008 | 170316s9999 xx 000 0 und d | ||
| 090 | |a 801 B-7p | ||
| 100 | |a Barthes, Roland | ||
| 245 | |a El placer del texto. Lección inaugural | ||
| 250 | |a 10 | ||
| 260 | |a México, Distrito Federal | ||
| 260 | |b Siglo Veintiuno | ||
| 260 | |c 1998 | ||
| 300 | |a 150 páginas | ||
| 650 | |a TEORÍA LITERARIA | ||
| 650 | |a LITERATURA | ||
| 650 | |a ESTÉTICA | ||
| 999 | |c 20137 |d 20137 | ||
| 040 | |a cru BVZT | ||
| 942 | |c 15 D |h 801 B-7p |2 z | ||
